000 00361nam a22001697a 4500
003 UA-OsUOA
001 3953
007 ta
008 20050721b un ||||| |||| 00| 0 ukr d
100 _aBrown
700 _aDon P.
942 _cBK
040 _aUA-OsUOA
_cUA-OsUOA
_dUA-OsUOA
245 _aWriting: unit-lessons in composition.
955 _a2
650 7 _2UDC
999 _c290115
_d290115